Catalog

Record Details

Catalog Search



Chemistry you can chomp  Cover Image Book Book

Chemistry you can chomp / Jessie Alkire.

Alkire, Jessie, (author.).

Summary:

"Do you like learning about atoms, molecules, and other matter? Do you like to cook? Then Chemistry You Can Chomp is the right book for you! Learn about what chemists do and what they have discovered. Then explore chemistry further by making delicious snacks. Check out the entire Super Simple Science You Can Snack On series for more tasty STEM fun!

Record details

  • ISBN: 153211723X
  • ISBN: 9781532117237
  • Physical Description: 32 pages : color illustrations ; 20 x 24 cm
  • Publisher: Minneapolis, Minnesota : Super Sandcastle, an imprint of Abdo Publishing, [2019]

Content descriptions

Formatted Contents Note:
What is Chemistry? -- Chemistry today -- Chemistry snacks -- Ingredients & tools -- Atomic pizza -- Hot chocolate solution -- Fizzing lemonade -- Endothermic slushy -- Marshmallow magic -- Osmosis gummy bears -- Candy chromatography -- Conclusion.
Subject: Chemistry > Juvenile literature.
Cooking > Juvenile literature.
Science > Experiments > Juvenile literature.
Genre: Cookbooks.

Available copies

  • 1 of 1 copy available at scottsboropl.

Holds

  • 0 current holds with 1 total copy.
Show Only Available Copies
Location Call Number / Copy Notes Barcode Shelving Location Status Due Date
scottsboropl J 641 Sci 32269001161978 Juvenile - NonFiction Available -

LDR 02481cam a2200529Ii 4500
001155276
003SBPL
00520210310214153.0
008180907t20192019mnua j 000 0 eng d
010 . ‡a 2018948855
020 . ‡a153211723X ‡q(library binding)
020 . ‡a9781532117237 ‡q(library binding)
020 . ‡z9781532170096 ‡q(ebook)
035 . ‡a(OCoLC)1050619301 ‡z(OCoLC)1100022423 ‡z(OCoLC)1107432681
05000. ‡aQD35 ‡b.A45 2019
08204. ‡a641 ‡223
1001 . ‡aAlkire, Jessie, ‡eauthor.
24510. ‡aChemistry you can chomp / ‡cJessie Alkire.
264 1. ‡aMinneapolis, Minnesota : ‡bSuper Sandcastle, an imprint of Abdo Publishing, ‡c[2019]
264 4. ‡c©2019
300 . ‡a32 pages : ‡bcolor illustrations ; ‡c20 x 24 cm
336 . ‡atext ‡btxt ‡2rdacontent
336 . ‡astill image ‡bsti ‡2rdacontent
337 . ‡aunmediated ‡bn ‡2rdamedia
338 . ‡avolume ‡bnc ‡2rdacarrier
4901 . ‡aSuper simple science you can snack on
5050 . ‡aWhat is Chemistry? -- Chemistry today -- Chemistry snacks -- Ingredients & tools -- Atomic pizza -- Hot chocolate solution -- Fizzing lemonade -- Endothermic slushy -- Marshmallow magic -- Osmosis gummy bears -- Candy chromatography -- Conclusion.
520 . ‡a"Do you like learning about atoms, molecules, and other matter? Do you like to cook? Then Chemistry You Can Chomp is the right book for you! Learn about what chemists do and what they have discovered. Then explore chemistry further by making delicious snacks. Check out the entire Super Simple Science You Can Snack On series for more tasty STEM fun!
650 0. ‡aChemistry ‡vJuvenile literature.
650 0. ‡aCooking ‡vJuvenile literature.
650 0. ‡aScience ‡xExperiments ‡vJuvenile literature.
655 7. ‡aCookbooks. ‡2lcgft
830 0. ‡aSuper simple science you can snack on.
901 . ‡a155276 ‡b ‡c155276 ‡tbiblio

Additional Resources